| 000 | 01106cam a22003375i 4500 | ||
|---|---|---|---|
| 001 | 14681151 | ||
| 003 | EG-ScBUE | ||
| 005 | 20251221110003.0 | ||
| 008 | 061227t2007 flua f b 001 0 eng d | ||
| 020 | _a9781574447798 (alk. paper) | ||
| 020 | _a1574447793 (alk. paper) | ||
| 040 |
_aEG-ScBUE _beng _erda _cEG-ScBUE _dEG-ScBUE |
||
| 082 | 0 | 4 |
_a547.7 _bHIE _222 |
| 100 | 1 |
_aHiemenz, Paul C., _d1936- _938699 _eauthor. |
|
| 245 | 1 | 0 |
_aPolymer chemistry / _cPaul C. Hiemenz, Timothy P. Lodge. |
| 250 | _aSecond edition. | ||
| 264 | 1 |
_aBoca Raton, Florida : _bCRC Press / Taylor & Francis Group, _c[2007] |
|
| 264 | 4 | _cc2007 | |
| 300 |
_axvii, 587 pages : _billustrations ; _c27 cm |
||
| 336 |
_2rdacontent _atext _btxt |
||
| 337 |
_2rdamedia _aunmediated _bn |
||
| 338 |
_2rdacarrier _avolume _bnc |
||
| 500 | _aIncludes appendix. | ||
| 504 | _aIncludes bibliographical references and index. | ||
| 650 | 7 |
_aPolymers. _2BUEsh |
|
| 650 | 7 |
_aPolymerization. _2BUEsh |
|
| 653 |
_bENGCHE _cAugust2015 _cNovember2015 |
||
| 655 | _vReading book | ||
| 700 | 1 |
_aLodge, Timothy, _eauthor. |
|
| 942 |
_2ddc _cBB |
||
| 999 |
_c20775 _d20747 |
||